000 01139nmm a2200337 a 4500
001 ocm0002146218
003 TR-IsHL
005 20201028182144.0
008 190125s2015 tu tur
007 cr cn
020 _a9786059964609
035 _a2146218
_b(N$T)
050 0 4 _aPZ90.T8
_bS66 2015
090 0 4 _aPZ90.T8
_bS66 2015
100 1 _aSönmez, Nalan Aktaş
245 1 0 _aMinik tavşan lunaparkta: Şekiller
_h[electronic resource] /
_cNalan Aktaş Sönmez ; resimleyen Melika Saeeda ; editör Mustafa Can
250 _a1. Baskı
260 _aİstanbul :
_bÇamlıca Çocuk Yayınları,
_c2015
300 _a32 p.
500 _a+ 3 yaş
650 4 _aDil ve Edebiyat
650 4 _aLanguage and Literature
650 0 _aÇocuk öyküleri, Türk
650 0 _aChildren's stories, Turkish
650 0 _aResimli çocuk kitapları
650 0 _aIllustrated children's books
650 7 _aJUVENILE NONFICTION / Animals / General
_2bisacsh
700 1 _aSaeeda, Melika
700 1 _aCan, Mustafa
856 4 0 _uhttp://search.ebscohost.com/login.aspx?direct=true&scope=site&db=e011xww&AN=2146218
999 _c19935
_d19935